Central Library OPAC University of Rajshahi

বিনাশের মিএপক্ষ / (Record no. 39162)

MARC details
000 -LEADER
fixed length control field 00774nam a2200217 a 4500
001 - CONTROL NUMBER
control field 39162
003 - CONTROL NUMBER IDENTIFIER
rucl marc code BD-RjUL
005 - DATE AND TIME OF LATEST TRANSACTION
control field 20211209052930.0
008 - FIXED-LENGTH DATA ELEMENTS--GENERAL INFORMATION
fixed length control field 160405t2008 bg ||||e |||| 00| 0 ben d
020 ## - INTERNATIONAL STANDARD BOOK NUMBER
International Standard Book Number 9840502972
Terms of availability Tk. 225.00
035 ## - SYSTEM CONTROL NUMBER
System control number (BD-RjUL)39274
040 ## - CATALOGING SOURCE
Original cataloging agency BD-RjUL
Language of cataloging ben
Transcribing agency BD-RjUL
041 ## - LANGUAGE CODE
Language code of text/sound track or separate title ben
082 ## - DEWEY DECIMAL CLASSIFICATION NUMBER
Edition number 23
Classification number 891.443009
Author mark and year MAB 2008
100 ## - MAIN ENTRY--PERSONAL NAME
Personal name মালিক, হুমায়ূন .
9 (RLIN) 120823
245 ## - TITLE STATEMENT
Title বিনাশের মিএপক্ষ /
Statement of responsibility, etc. হুমায়ূন মালিক
260 ## - PUBLICATION, DISTRIBUTION, ETC. (IMPRINT)
Place of publication, distribution, etc. ঢাকা :
Name of publisher, distributor, etc. দি ইউনিভার্সিটি প্রেস লিমিটেড,
Date of publication, distribution, etc. ২০০৮
300 ## - PHYSICAL DESCRIPTION
Pagination [৮], ১৪৬ পৃ. ;
Size ২২ সেমি.
650 ## - SUBJECT ADDED ENTRY--TOPICAL TERM
Topical term or geographic name as entry element Bengali Fiction
9 (RLIN) 120977
942 ## - ADDED ENTRY ELEMENTS (KOHA)
Source of classification or shelving scheme Dewey Decimal Classification
Koha item type Books
Holdings
Lost status Source of classification or shelving scheme Damaged status Not for loan Collection code Permanent Location Current Location Shelving location Date acquired Source of acquisition Cost, normal purchase price Total Checkouts Full call number Date last seen Copy number Koha item type
  Dewey Decimal Classification   Not For Loan Fiction Central Library, University of Rajshahi Central Library, University of Rajshahi Reading Room 23/12/2013 prothoma prokason, Dhaka 225.00   B 891.443009 MAB 2008 05/04/2016 C-1 Books
  Dewey Decimal Classification     Fiction Central Library, University of Rajshahi Central Library, University of Rajshahi   23/12/2013 prothoma prokason, Dhaka 225.00   B 891.443009 MAB 2008 05/04/2016 C-2 Books
  Dewey Decimal Classification     Fiction Central Library, University of Rajshahi Central Library, University of Rajshahi   23/12/2013 prothoma prokason, Dhaka 225.00   B 891.443009 MAB 2008 05/04/2016 C-3 Books